Customer relationship management

Systém CRM ako nástroj nového marketingu. Vznik, hlavné prvky, zameranie, prínos, riziko CRM. Hodnotová orientácia podnikateľov a manažérov je rozhodujúca pre dlhodobý úspech CRM.

Saved in:
Bibliographic Details
Main Author: Voloch, Jaroslav
Format: Book Chapter
Language:Czech
Subjects:
Tags: Add Tag
No Tags, Be the first to tag this record!

MARC

LEADER 00000naa$a2200000$$$4500
001 0056640
005 20221128094949.0
041 0 |a cze 
044 |a SK 
245 1 0 |a Customer relationship management  |c Jaroslav Voloch 
520 |a Systém CRM ako nástroj nového marketingu. Vznik, hlavné prvky, zameranie, prínos, riziko CRM. Hodnotová orientácia podnikateľov a manažérov je rozhodujúca pre dlhodobý úspech CRM. 
610 2 0 |a marketing 
610 2 0 |a nástroje marketingové 
610 2 0 |a systém CRM 
610 2 0 |a riziko 
100 1 |a Voloch, Jaroslav